Paesi nominati nella pagina Wikipedia dell'Islanda - Statistics

Statistiche generali
  • Questo quiz è stato fatto 13 volte
  • Il punteggio medio è 16 su 18
Statistiche sulle risposte
Volte in cui viene nominato Indizio (basato sul motivo per cui lo stato viene nominato nella pagina Wikipedia) Paese % Corretto
1 Uno degli unici cinque paesi europei meno popolosi dell'Islanda Andorra
100%
1 Uno degli unici cinque paesi europei meno popolosi dell'Islanda Città del Vaticano
100%
3 Per evitare l'invasione da parte di questo paese, durante la seconda guerra mondiale gli alleati occupano l'Islanda Germania
100%
1 Uno degli unici cinque paesi europei meno popolosi dell'Islanda Liechtenstein
100%
1 Uno degli unici cinque paesi europei meno popolosi dell'Islanda Monaco
100%
15 Paese d'origine dei primi colonizzatori vichinghi dell'isola Norvegia
100%
5 Paese con cui l'Islanda ebbe lo scontro economico-diplomatico detto "guerra del merluzzo" Regno Unito
100%
1 Uno degli unici cinque paesi europei meno popolosi dell'Islanda San Marino
100%
19 Paese dal quale l'Islanda ha ottenuto l'indipendenza Danimarca
92%
1 Nel 2016 la nazionale di calcio islandese si è qualificata per la prima volta agli europei, tenutisi in questo paese Francia
92%
1 Paese i cui legami storici, culturali, politici ed economici con l'Islanda sono studiati dal forum Nordicum-Mediterraneum Italia
92%
2 Nel 2018 la nazionale di calcio islandese si è qualificata per la prima volta ai mondiali, tenutisi in questo paese Russia
92%
2 Paese che fece parte dell'Unione di Kalmar Svezia
92%
1 Paese non europeo membro della NATO e quindi alleato dell'Islanda Canada
75%
4 Paese non europeo membro della NATO e quindi alleato dell'Islanda Stati Uniti
75%
1 Paese dal quale proviene una consistente comunità di immigrati Polonia
67%
1 Paese dal quale proviene una consistente comunità di immigrati Lituania
58%
1 Paese dal quale proviene una comunità di immigrati Austria
33%
Nessun quiz corrispondente trovato
Distribuzione punteggi
Percentuale di utenti per punteggio
Percentile per numero di risposta
I tuoi punteggi nel tempo
Non hai fatto questo quiz